000 00736nam a2200241Ia 4500
003 GCL
008 140319s9999 xx 000 0 ara d
040 _aGCL /
_cGCL
082 0 4 _aق
_b920.71
_bل ه
100 1 _aلمعى المطيعى
245 1 0 _aهولاء الرجال من الازهر /
_cلمعى المطيعى
260 _a[S.N] :
_bمكتبة الانجلوالمصرية ،
_c1989
300 _a277 ص
490 _a
650 0 4 _aمصر
650 0 4 _aالاحوال الاجتماعية
650 0 4 _aالتعليم
650 0 4 _aالاحزاب السياسية
650 0 4 _aالصحافة المصرية
650 0 4 _aالمجتمع المصرى
650 0 4 _aالازهر (جامع)
942 _2ddc
_cBK
999 _c37032
_d37032